000
00263nam a2200109Ia 4500
008
200302s9999 xx 000 0 und d
100
_a
John F. Pile
245
_a
Color in Interior Design
260
_b
Tata Mcgraw-Hill Co. Inc.
260
_c
1997
300
_a
305 P.,
999
_c
1496
_d
1496